Tottel's capital allowances (Record no. 104841)
[ view plain ]
| 000 -LEADER | |
|---|---|
| fixed length control field | 01468cam a2200229 4500 |
| 001 - CONTROL NUMBER | |
| control field | ##L131797 |
| 008 - FIXED-LENGTH DATA ELEMENTS--GENERAL INFORMATION | |
| fixed length control field | 051208n2005 000 0 eng u |
| 020 ## - INTERNATIONAL STANDARD BOOK NUMBER | |
| International Standard Book Number | 1845921909 |
| 035 ## - SYSTEM CONTROL NUMBER | |
| System control number | (Sirsi) u131797 |
| 041 0# - LANGUAGE CODE | |
| Language code of text/sound track or separate title | eng |
| 050 ## - LIBRARY OF CONGRESS CALL NUMBER | |
| Classification number | 336.24 $2 18 |
| 100 1# - MAIN ENTRY--PERSONAL NAME | |
| Personal name | Wilson, Martin |
| 245 ## - TITLE STATEMENT | |
| Title | Tottel's capital allowances |
| Remainder of title | transactions and planning |
| -- | 2006-06 |
| 250 ## - EDITION STATEMENT | |
| Edition statement | 8th ed. |
| 260 ## - PUBLICATION, DISTRIBUTION, ETC. | |
| Place of publication, distribution, etc. | Hayward's Heath |
| Name of publisher, distributor, etc. | Tottel |
| Date of publication, distribution, etc. | 2005 |
| 300 ## - PHYSICAL DESCRIPTION | |
| Extent | xviii, 379p. |
| Dimensions | 23cm. |
| 520 ## - SUMMARY, ETC. | |
| Summary, etc. | Provides guidance to the technical aspects of capital allowances and similar tax reliefs on property. Brings together the issues most relevant to individual transactions. Focuses on the corporate property transactions most often encountered in practice: construction of new buildings; purchase and sale of property; retail and industrial property; hire-purchasing and leasing; contaminated land; goodwill and intangibles; and overseas capital allowances and tax depreciation. Covers all the latest legislative developments, including the two 2005 Finance Acts and the Income Tax (Trading and Other Income) Act 2005. Additions to this edition include agricultural buildings allowance, the Private Finance Initiative (PFI), the Disability Discrimination Act, research and development, inducements offered to tenants and the interaction with stamp duty and Stamp Duty Land Tax (SDLT ). |
| 590 ## - LOCAL NOTE (RLIN) | |
| Local note | IKA030106 |
| 690 ## - LOCAL SUBJECT ADDED ENTRY--TOPICAL TERM (OCLC, RLIN) | |
| Topical term or geographic name as entry element | PROPERTY-PROPERTY TAXATION |
| 700 1# - ADDED ENTRY--PERSONAL NAME | |
| Personal name | Bone, S. |
| 942 ## - ADDED ENTRY ELEMENTS (KOHA) | |
| Suppress in OPAC | 0 |
| Withdrawn status | Lost status | Source of classification or shelving scheme | Damaged status | Not for loan | Home library | Current library | Shelving location | Date acquired | Total Checkouts | Full call number | Barcode | Date last seen | Date last checked out | Copy number | Price effective from | Koha item type |
|---|---|---|---|---|---|---|---|---|---|---|---|---|---|---|---|---|
| Dewey Decimal Classification | London | London | Books | 16/12/2005 | 7 | 336.24 WIL | 30070676 | 06/08/2019 | 07/11/2007 | 1 | 06/08/2019 | Book |